000 00619nam a22001937a 4500
005 20241011114610.0
010 _aENG-142055
020 _a9789354919053
_c165.00
035 _aEN-125587
037 _bDBAD
082 _a355.02
_21
100 _aTyagi, Satish Chandra
_972656
245 _aKargil Heroes:
_bTen Exclusive Inspiring Stories/
_cby Satish Chandra Tyagi
250 _a1
260 _aNew Delhi
_bNational Book Trust, India
_c2023
270 _aNehru Bhawan, 5 Institutional Area, Phase-II Vasant Kunj
_bNew Delhi
_e110070
300 _a117p.
_c19cm(pb)
942 _2ddc
_cEN
_mTYA
_h355.02
999 _c206301
_d206301